书目信息 |
| 题名: |
杨国平
|
|
| 作者: | 徐恩存 主编 | |
| 分册: | ||
| 出版信息: | 天津 天津人民美术出版社 06/03/07 |
|
| 页数: | 123页 | |
| 开本: | 20cm | |
| 丛书名: | 中国实力派画家文献丛书 | |
| 单 册: | ||
| 中图分类: | K825.72=76 | |
| 科图分类: | ||
| 主题词: | 人物--传记--中国 | |
| 电子资源: | ||
| ISBN: | 978-7-5305-3462-5 | |
| 000 | 00692nam0 2200241 45 | |
| 001 | 0952626910 | |
| 005 | 20091018162739.93 | |
| 010 | @a978-7-5305-3462-5@dCNY65.00 | |
| 100 | @a20090515d06/0 ekmy0 y0120 ea | |
| 102 | @aCN@b130000 | |
| 102 | @aCN@b120000 | |
| 105 | @ay z 000yy | |
| 200 | 1 | @a杨国平@Ayang guo ping@f徐恩存 主编@Fxu en cun zhu bian |
| 210 | @a天津@c天津人民美术出版社@d06/03/07 | |
| 215 | @a123页@d20cm | |
| 225 | 2 | @a中国实力派画家文献丛书 |
| 410 | 0 | @12001 @a中国实力派画家文献丛书 |
| 606 | 0 | @a人物@x传记@x中国 |
| 690 | @aK825.72=76@v4 | |
| 701 | 0 | @a徐恩存@Axu en cun@4主编 |
| 801 | 0 | @aCN@c20091018 |
| 905 | @a10447@dK825.72=76@eZ081 | |
| 906 | @d65@n3@r1 | |
| 杨国平/徐恩存 主编.-天津:天津人民美术出版社,06/03/07 |
| 123页;20cm.-(中国实力派画家文献丛书) |
| ISBN 978-7-5305-3462-5:CNY65.00 |
| ● |
| 相关链接 |
|
|
|
正题名:杨国平
索取号:K825.72=76/Z081
 
预约/预借
| 序号 | 登录号 | 条形码 | 馆藏地/架位号 | 状态 | 备注 |
| 1 | 655337 | 206553371 | 自科二线404/400A自科库 43排1列1层/ [索取号:K825.72=76/Z081] | 在馆 | |
| 2 | 655338 | 206553380 | 社科库309/309社科库 54排3列3层/ [索取号:K825.72=76/Z081] | 在馆 | |
| 3 | 655339 | 206553399 | 社科库309/309社科库 54排3列3层/ [索取号:K825.72=76/Z081] | 在馆 |